[Event "HUN-chT2 9798"]
[Site "HUN"]
[Date "1997.??.??"]
[Round "?"]
[White "Centgraf, Jozsef"]
[Black "Ladanyi, Tibor"]
[Result "1/2-1/2"]
[WhiteElo "2230"]
[BlackElo "2280"]

1.d4 Nf6 2.c4 g6 3.Nc3 d5 4.cxd5 Nxd5 5.e4 Nxc3 6.bxc3 Bg7 7.Nf3 c5 8.Be3 Qa5
9.Qd2 Nc6 10.Rc1 cxd4 11.cxd4 Qxd2+ 12.Kxd2 O-O 13.Bb5 Rd8 14.Bxc6 bxc6 15.Rxc6 Bb7
16.Rc7 Bxe4 17.Rxe7 Bxf3 18.gxf3 Bxd4 19.Bxd4 Rxd4+ 20.Ke3 Ra4 21.Rd1 Kf8
22.Rdd7 Re8 23.Rxe8+ Kxe8 24.Rd2 Ke7 25.Rb2 Kf6 26.f4 Kf5 27.Rb5+ Kf6 28.Rb2 Kf5
29.Rb5+ Kg4 30.f3+ Kh3 31.Rb7 f5 32.Rxh7+ Kg2 33.Rg7 Ra3+ 34.Ke2 Rxa2+ 35.Ke3 Ra3+
36.Ke2 Ra2+ 37.Ke3 Ra3+ 38.Ke2 Ra6 39.Re7 Ra2+ 40.Ke3 Ra3+ 41.Ke2 Rxf3 42.Rg7 Rxf4
43.Rxg6+ Kxh2 44.Ke3 Re4+ 45.Kf2 Rf4+ 46.Ke3 Rf1 47.Ke2 Ra1 48.Rg5 Ra5 49.Kf3 Rb5
50.Rg2+ Kh1 51.Rg5 a5 52.Kf2 Rb2+ 53.Kf1 a4 54.Rh5+ Rh2 55.Rxf5 a3 56.Rg5 Rh8
57.Ra5  1/2-1/2

[Event "HUN-chT2 9798"]
[Site "HUN"]
[Date "1997.??.??"]
[Round "?"]
[White "Menyhart, Tibor"]
[Black "Berebora, Ferenc"]
[Result "1-0"]
[WhiteElo "2205"]
[BlackElo "2390"]

1.d4 Nf6 2.c4 g6 3.Nc3 d5 4.cxd5 Nxd5 5.e4 Nxc3 6.bxc3 Bg7 7.Nf3 c5 8.Be3 Bg4
9.Qd2 Bxf3 10.gxf3 cxd4 11.Bb5+ Nc6 12.Bxd4 O-O 13.Bxc6 bxc6 14.Bxg7 Kxg7
15.Qxd8 Rfxd8 16.Ke2 Rab8 17.Rab1 Rb6 18.Rb3 Ra6 19.Ra1 Rd7 20.a4 Ra5 21.Ke3 Kf6
22.f4 e5 23.fxe5+ Kxe5 24.Rb8 Kf6 25.f3 Kg5 26.Rb4 Rc5 27.Ra3 a5 28.Rd4 Re7
29.Rd6 Kh4 30.Kd4 Rce5 31.Rxc6 f5 32.Rc5 Rxc5 33.Kxc5 fxe4 34.fxe4 Rxe4 35.c4 Re2
36.Rc3 Rxh2 37.Kb6 g5 38.c5 g4 39.c6 Rb2+ 40.Kxa5 Rb8 41.c7 Rc8 42.Kb6 g3
43.Kb7 g2 44.Rc1  1-0

[Event "Isle of Man op"]
[Site "Isle of Man"]
[Date "1997.??.??"]
[Round "2"]
[White "Coathup, Roger"]
[Black "Liss, Eran"]
[Result "0-1"]
[WhiteElo "2120"]
[BlackElo "2540"]

1.d4 Nf6 2.c4 g6 3.Nc3 d5 4.cxd5 Nxd5 5.e4 Nxc3 6.bxc3 Bg7 7.Bc4 c5 8.Ne2 Nc6
9.Be3 O-O 10.Rc1 Qa5 11.Kf1 cxd4 12.cxd4 Qa3 13.Qd2 Bd7 14.h4 Rfc8 15.h5 Na5
16.Bd3 Rxc1+ 17.Nxc1 Rc8 18.Ne2 Nc4 19.Bxc4 Rxc4 20.hxg6 hxg6 21.Bh6 Qb4
22.Ng3 Qxd2 23.Bxd2 Rxd4  0-1

[Event "Isle of Man op"]
[Site "Isle of Man"]
[Date "1997.??.??"]
[Round "4"]
[White "Sindik, Ervin"]
[Black "Liss, Eran"]
[Result "0-1"]
[WhiteElo "2355"]
[BlackElo "2540"]

1.d4 Nf6 2.c4 g6 3.Nc3 d5 4.cxd5 Nxd5 5.e4 Nxc3 6.bxc3 Bg7 7.Bb5+ c6 8.Ba4 b5
9.Bb3 b4 10.Ne2 bxc3 11.Be3 Ba6 12.Rc1 O-O 13.Nxc3 Nd7 14.e5 c5 15.f4 cxd4
16.Qxd4 Rc8 17.Qxa7 Nxe5 18.fxe5 Qd3 19.Qd4 Rxc3 20.Qxd3 Rxd3 21.Bf4 Bxe5
22.Bxe5 Re3+ 23.Kf2 Re2+ 24.Kf3 Rxe5 25.Rhe1 Rf5+ 26.Kg3 e6 27.Red1 Rb8 28.Rd4 Rbb5
29.h4 Bb7 30.Rd8+ Kg7 31.Rc7 Bd5 32.Bc2 Rf6 33.a4 Rb4 34.a5 h5 35.Bd1 Rb2
36.Bf3 Bxf3 37.gxf3 Ra2 38.Rcc8 Rf5 39.Rg8+ Kf6 40.Rc7 Raxa5 41.Re8 Ra3 42.Ree7 Raxf3+
43.Kg2 Rf2+ 44.Kg1 Ke5  0-1

[Event "World Cities"]
[Site "Jakarta "]
[Date "1997.??.??"]
[Round "5"]
[White "Shneider, Aleksandr"]
[Black "Ostenstad, Berge"]
[Result "1-0"]
[WhiteElo "2570"]
[BlackElo "2465"]

1.d4 Nf6 2.c4 g6 3.Nc3 d5 4.cxd5 Nxd5 5.e4 Nxc3 6.bxc3 Bg7 7.Nf3 c5 8.Rb1 O-O
9.Be2 cxd4 10.cxd4 Qa5+ 11.Bd2 Qxa2 12.O-O Bg4 13.Bg5 h6 14.Be3 Nc6 15.d5 Bxf3
16.Bxf3 Ne5 17.Rxb7 e6 18.Qe2 Nxf3+ 19.Qxf3 a5 20.Rfb1 Rad8 21.Rd1 Rb8 22.Rxb8 Rxb8
23.d6 Rd8 24.h4 Rd7 25.Bf4 Qb2 26.e5 Bxe5 27.Qa8+ Kh7 28.Qe8 Qe2 29.Bxe5  1-0

[Event "Juvenil op"]
[Site "?"]
[Date "1997.??.??"]
[Round "8"]
[White "Garcia, L."]
[Black "Alonso, Juan Ignacio"]
[Result "1/2-1/2"]
[WhiteElo "2185"]
[BlackElo "2190"]

1.d4 g6 2.c4 Nf6 3.Nc3 d5 4.cxd5 Nxd5 5.e4 Nxc3 6.bxc3 Bg7 7.Rb1 c5 8.Nf3 O-O
9.Be2 cxd4 10.cxd4 Qa5+ 11.Qd2 Qxd2+ 12.Bxd2 b6  1/2-1/2

[Event "Tavasz"]
[Site "Kecskemet"]
[Date "1997.??.??"]
[Round "5"]
[White "Bromberger, Stefan"]
[Black "Schnitzspan, Lothar"]
[Result "1-0"]
[WhiteElo "2310"]
[BlackElo "2330"]

1.d4 Nf6 2.c4 g6 3.Nc3 d5 4.cxd5 Nxd5 5.e4 Nxc3 6.bxc3 Bg7 7.Nf3 c5 8.Rb1 O-O
9.Be2 b6 10.O-O Bb7 11.Qd3 Qd6 12.Bg5 e6 13.Qe3 cxd4 14.cxd4 Rc8 15.Rfd1 Nd7
16.Bb5 Rc2 17.Bf4 Qe7 18.Rbc1 Rac8 19.Rxc2 Rxc2 20.Qb3 Rc8 21.Qa4 Nf6 22.Qxa7 Ra8
23.Qxb6 Bxe4 24.Bd6 Qd8 25.Qxd8+ Rxd8 26.Bc5 Nd5 27.Bc4 Nc3 28.Rc1 Na4 29.Bb3 Ra8
30.Ne5 Nxc5 31.Rxc5 Rd8 32.f3 Ba8 33.Kf2 Bb7 34.Ke3 Bh6+ 35.Kd3 Bf4 36.h3 Bh2
37.Kc3 Bg1 38.Rc4 Ba6 39.Rb4 Bf1 40.Nc6 Rd6 41.d5 Kg7 42.Ne5 exd5 43.Rb7 Bxg2
44.Rxf7+ Kh6 45.h4 d4+ 46.Kb2 Bh3 47.Rb7 d3 48.Nf7+  1-0

[Event "Tavasz"]
[Site "Kecskemet"]
[Date "1997.??.??"]
[Round "8"]
[White "Prusikin, Mikhajlo"]
[Black "Schnitzspan, Lothar"]
[Result "1-0"]
[WhiteElo "2340"]
[BlackElo "2330"]

1.d4 Nf6 2.c4 g6 3.Nc3 d5 4.cxd5 Nxd5 5.e4 Nxc3 6.bxc3 Bg7 7.Nf3 c5 8.Rb1 O-O
9.Be2 cxd4 10.cxd4 Qa5+ 11.Bd2 Qxa2 12.O-O b6 13.Qc1 Bb7 14.Bc4 Qa4 15.Bb5 Qa2
16.Bc4 Qa4 17.Bb5 Qa2 18.Re1 Rc8 19.Qd1 e6 20.Re2 Qc2 21.Qe1 Qc7 22.d5 Na6
23.Rd1 Qc5 24.Bd7 exd5 25.Bxc8 Rxc8 26.exd5 Qxd5 27.Re8+ Rxe8 28.Qxe8+ Bf8
29.Re1 Qd6 30.Ne5 Qd5 31.Nf3 Qd6 32.Ng5 Bd5 33.Bc3 Nc7 34.Qe3 Ne6 35.Rd1 Nf4
36.Ne4  1-0

[Event "Klatovy op-B"]
[Site "Klatovy"]
[Date "1997.??.??"]
[Round "?"]
[White "Stejskal, Pavel"]
[Black "Dufek, M."]
[Result "1-0"]
[WhiteElo "1875"]
[BlackElo "1740"]

1.d4 Nf6 2.c4 g6 3.Nc3 d5 4.cxd5 Nxd5 5.e4 Nxc3 6.bxc3 Bg7 7.Bc4 O-O 8.Ne2 c5
9.O-O cxd4 10.cxd4 Nc6 11.Be3 Bg4 12.f3 Na5 13.Bd3 Bd7 14.Qd2 e6 15.Bh6 Rc8
16.Bxg7 Kxg7 17.Qb4 Re8 18.Rfc1 b6 19.Ba6 Nc6 20.Qb2 Qf6 21.Bxc8 Rxc8 22.Rab1 e5
23.dxe5 Qxe5 24.Qxe5+ Nxe5 25.Rxc8 Bxc8 26.Rc1 Bd7 27.f4 Nc6 28.a3 h5 29.Kf2 Kf6
30.Ke3 Ke7 31.Nd4 Kd6 32.Nxc6 Bxc6 33.Kd4 a6 34.h4 f6 35.e5+ fxe5+ 36.fxe5+ Kd7
37.g3 Ba4 38.Rf1  1-0

[Event "Klatovy op-A"]
[Site "Klatovy"]
[Date "1997.??.??"]
[Round "?"]
[White "Juptner, J."]
[Black "Gschwendtner, Stanislav"]
[Result "1-0"]
[WhiteElo "1905"]
[BlackElo "2130"]

1.d4 Nf6 2.c4 g6 3.Nc3 d5 4.cxd5 Nxd5 5.e4 Nxc3 6.bxc3 Bg7 7.Bc4 O-O 8.Ne2 c5
9.Be3 cxd4 10.cxd4 Nc6 11.Rc1 Na5 12.Bd3 e6 13.h4 b6 14.h5 Bb7 15.hxg6 hxg6
16.Qd2 f5 17.Bh6 Rf7 18.Nf4 fxe4 19.Nxg6 Qxd4 20.Bxg7 Rxg7 21.Rh8+ Kf7 22.Qf4+  1-0

[Event "Klatovy op-B"]
[Site "Klatovy"]
[Date "1997.??.??"]
[Round "?"]
[White "Voracek, Miroslav"]
[Black "Koutecky, Vaclav"]
[Result "1/2-1/2"]
[WhiteElo "1810"]
[BlackElo "1640"]

1.d4 Nf6 2.c4 g6 3.Nc3 d5 4.cxd5 Nxd5 5.e4 Nxc3 6.bxc3 Bg7 7.Bc4 O-O 8.Ne2 b6
9.Be3 Bb7 10.f3 Nd7 11.O-O c5 12.Rb1 Qc7 13.Bd3 Rac8 14.Qd2 Rfd8 15.Rfc1 Ne5
16.Bf4 Qd7 17.Bb5 Bc6 18.Bxc6 Nxc6 19.d5 e6 20.c4 e5 21.Bg5 f6 22.Bh4 Nd4
23.Nc3 Rf8 24.Nb5 f5 25.Re1 f4 26.a4 Bf6 27.Bxf6 Rxf6 28.Rec1 g5 29.a5 Rh6
30.axb6 axb6 31.Nxd4 cxd4 32.Qd3 g4 33.Rc2  1/2-1/2

[Event "Koge op"]
[Site "Koge"]
[Date "1997.??.??"]
[Round "2"]
[White "Yakovich, Yuri"]
[Black "Brinck Claussen, Bjorn"]
[Result "1/2-1/2"]
[WhiteElo "2610"]
[BlackElo "2345"]

1.d4 Nf6 2.c4 g6 3.Nc3 d5 4.cxd5 Nxd5 5.e4 Nxc3 6.bxc3 Bg7 7.Bb5+ c6 8.Ba4 O-O
9.Ne2 b5 10.Bb3 a5 11.a4 b4 12.Be3 bxc3 13.Rc1 Nd7 14.O-O Ba6 15.Rxc3 c5
16.Bc4 cxd4 17.Bxd4 Bxc4 18.Rxc4 Nb6 19.Bxb6 Qxb6 20.Qc2 Rab8 21.Nc3 Bxc3
22.Qxc3 Qb3 23.Qxb3 Rxb3 24.Rc7 e6  1/2-1/2

[Event "Koge op"]
[Site "Koge"]
[Date "1997.??.??"]
[Round "6"]
[White "Molvig, Henrik"]
[Black "Brinck Claussen, Bjorn"]
[Result "1/2-1/2"]
[WhiteElo "2230"]
[BlackElo "2345"]

1.d4 Nf6 2.c4 g6 3.Nc3 d5 4.cxd5 Nxd5 5.e4 Nxc3 6.bxc3 Bg7 7.Bc4 O-O 8.Ne2 c5
9.O-O Nc6 10.Be3 Bg4 11.f3 Na5 12.Bd3 cxd4 13.cxd4 Be6 14.Rc1 Bxa2 15.Qa4 Be6
16.d5 Bd7 17.Qb4 e6 18.Rfd1 exd5 19.exd5 b5 20.Nd4 Nc4 21.Bxc4 a5 22.Qd2 bxc4
23.Rxc4 a4 24.Bh6 Bxh6 25.Qxh6 Qf6 26.Nc6 Rfe8 27.Rh4 Qg7 28.Qxg7+ Kxg7 29.Ra1 a3
30.Kf2 a2 31.Rd4 Bxc6  1/2-1/2

[Event "RUS-chJM op"]
[Site "Kolontaevo"]
[Date "1997.??.??"]
[Round "?"]
[White "Kostin, Sergei"]
[Black "Turov, Maxim"]
[Result "0-1"]
[WhiteElo "2210"]
[BlackElo "2425"]

1.d4 Nf6 2.c4 g6 3.Nc3 d5 4.cxd5 Nxd5 5.e4 Nxc3 6.bxc3 Bg7 7.Be3 c5 8.Qd2 O-O
9.Nf3 Nd7 10.Rc1 Nf6 11.Bd3 Ng4 12.O-O Nxe3 13.fxe3 Qc7 14.e5 f6 15.exf6 exf6
16.e4 Be6 17.Qe2 Bh6 18.Rc2 c4  0-1

[Event "Komarno op"]
[Site "Komarno"]
[Date "1997.??.??"]
[Round "?"]
[White "Balogh, Peter"]
[Black "Konopka, Michal"]
[Result "1-0"]
[WhiteElo "2280"]
[BlackElo "2415"]

1.d4 Nf6 2.c4 g6 3.Nc3 d5 4.cxd5 Nxd5 5.e4 Nxc3 6.bxc3 Bg7 7.Bb5+ c6 8.Ba4 b5
9.Bb3 b4 10.Be3 bxc3 11.Rc1 Ba6 12.Rxc3 O-O 13.e5 Nd7 14.f4 Nb6 15.Qd2 Qd7
16.Nf3 Nd5 17.Rc5 Rfb8 18.Kf2 e6 19.Rhc1 Nb4 20.R5c3 c5 21.dxc5 Qxd2+ 22.Nxd2 Nd3+
23.Rxd3 Bxd3 24.c6 Bf8 25.c7 Rc8 26.Ba4 Bb4 27.Bd7 Ba5 28.Bxc8 Rxc8 29.Nb3 Bxc7
30.Bxa7 Ba6 31.Be3 Bb8 32.Rxc8+ Bxc8 33.Bc5 g5 34.g3 Bd7 35.Bd6 Ba7+ 36.Bc5 Bb8
37.Ke3 Kg7 38.Bd6 Ba7+ 39.Bc5 Bb8 40.Bb6 gxf4+ 41.gxf4 f6 42.Nc5 Bc8 43.Ke4 fxe5
44.fxe5 Kg6 45.a4 Kg5 46.a5 Kg4 47.a6 Bxa6 48.Nxa6 Bxe5 49.Kxe5 Kh3 50.Bg1 Kg2
51.Kxe6  1-0

[Event "Komarno op"]
[Site "Komarno"]
[Date "1997.??.??"]
[Round "?"]
[White "Balogh, Peter"]
[Black "Mirumian, Vigen"]
[Result "0-1"]
[WhiteElo "2280"]
[BlackElo "2425"]

1.d4 Nf6 2.c4 g6 3.Nc3 d5 4.cxd5 Nxd5 5.e4 Nxc3 6.bxc3 Bg7 7.Bb5+ c6 8.Ba4 O-O
9.Ne2 e5 10.O-O Nd7 11.Bb3 Qe7 12.Qc2 Re8 13.f3 Nb6 14.a4 Be6 15.a5 Bxb3
16.Qxb3 Nc8 17.Ba3 Qc7 18.Rfd1 b6 19.axb6 axb6 20.d5 cxd5 21.Qxd5 Ra5 22.Qb3 Bf8
23.Bxf8 Rxa1 24.Rxa1 Rxf8 25.Rd1 Nd6 26.Qa4 Qc5+ 27.Kh1 Nc4 28.Rd5 Qf2  0-1

[Event "Krasnodar op"]
[Site "Krasnodar"]
[Date "1997.??.??"]
[Round "?"]
[White "Malaniuk, Vladimir P"]
[Black "Vorobiov, Evgeny E"]
[Result "0-1"]
[WhiteElo "2610"]
[BlackElo "2435"]

1.d4 Nf6 2.c4 g6 3.Nc3 d5 4.cxd5 Nxd5 5.e4 Nxc3 6.bxc3 Bg7 7.Be3 c5 8.Qd2 Qa5
9.Rb1 b6 10.Bb5+ Bd7 11.Be2 O-O 12.Rc1 e6 13.Nf3 Bc6 14.d5 exd5 15.exd5 Bb7
16.O-O Nd7 17.Rfd1 Nf6 18.c4 Qxd2 19.Nxd2 Rfe8 20.h3 Rad8 21.Rb1 Bc8 22.Bd3 Ba6
23.Bc2 Nd7 24.Ba4 Bc3 25.Rbc1 Bf6 26.Bc6 Re7 27.d6 Re6 28.Ne4 Kg7 29.g4 h6
30.Rc2 Bh4 31.Bc1 Bf6 32.Bxd7 Rxe4 33.Bc6 Rxc4 34.Rxc4 Bxc4 35.a4 g5 36.d7 Bd4
37.h4 gxh4 38.g5 hxg5 39.Bxg5 f6 40.Bxh4  0-1

[Event "SLO-ch"]
[Site "Krsko"]
[Date "1997.??.??"]
[Round "?"]
[White "Brglez, Rado"]
[Black "Jelen, Igor"]
[Result "1/2-1/2"]
[WhiteElo "2275"]
[BlackElo "2435"]

1.d4 Nf6 2.c4 g6 3.Nc3 d5 4.cxd5 Nxd5 5.e4 Nxc3 6.bxc3 Bg7 7.Nf3 c5 8.Rb1 O-O
9.Be2 cxd4 10.cxd4 Qa5+ 11.Bd2 Qxa2 12.O-O Bg4 13.Be3 Nc6 14.d5 Ne5 15.Rxb7 e6
16.dxe6 Nxf3+ 17.Bxf3 Bxe6 18.Qd6 a5 19.e5 Rfd8 20.Qc5 a4 21.Rbb1 Bf8 22.Qb6 Rac8
23.Ra1 Qb3 24.Bd1 Qd5 25.Bxa4 Qxe5 26.Rad1 Bd6 27.f4 Qe4 28.Bc2 Qc6  1/2-1/2

[Event "US-op"]
[Site "Las Vegas"]
[Date "1997.??.??"]
[Round "2"]
[White "Browne, Walter S"]
[Black "Eckert, Doug D"]
[Result "1-0"]
[WhiteElo "2600"]
[BlackElo "2235"]

1.d4 Nf6 2.c4 g6 3.Nc3 d5 4.cxd5 Nxd5 5.e4 Nxc3 6.bxc3 Bg7 7.Bc4 c5 8.Ne2 O-O
9.Be3 Nc6 10.Rc1 cxd4 11.cxd4 Qa5+ 12.Kf1 Bd7 13.h4 Rfc8 14.h5 Nd8 15.hxg6 hxg6
16.f3 b5 17.Bb3 Rxc1 18.Bxc1 Rc8 19.Kf2 Ne6 20.Bh6 Bh8 21.Qg1 Qc7 22.e5 Nxd4
23.Nxd4 Bxe5 24.Ne2 a5 25.Qc1 a4 26.Qxc7 Rxc7 27.Bd5 Rc2 28.Rd1 Rb2 29.Bc1 Rc2
30.Be4 Rc7 31.Bf4 Bxf4 32.Nxf4 e6 33.Bb1 b4 34.Nd3 b3 35.axb3 axb3 36.Ne5 Bb5
37.Rd8+ Kg7 38.Rb8 Rc5 39.f4 g5 40.g3 gxf4 41.gxf4  1-0

[Event "Lazne Bohdanec-B"]
[Site "Lazne Bohdanec"]
[Date "1997.??.??"]
[Round "?"]
[White "Pribyl, Martin"]
[Black "Pribyl, Josef"]
[Result "1/2-1/2"]
[WhiteElo "2305"]
[BlackElo "2445"]

1.d4 Nf6 2.c4 g6 3.Nc3 d5 4.cxd5 Nxd5 5.e4 Nxc3 6.bxc3 Bg7 7.Bc4 c5 8.Ne2 Nc6
9.Be3 O-O 10.O-O Bg4 11.f3 Na5 12.Bxf7+ Rxf7 13.fxg4 Rxf1+ 14.Kxf1 Qd6 15.e5 Qd5
16.Bf2 Rf8 17.Kg1 Bh6 18.h4 Qf7 19.Bg3 Be3+ 20.Kh2 Qc4 21.dxc5 Qxg4 22.Nd4 Qxd1
23.Rxd1 Rd8 24.Rb1 Bxd4 25.cxd4 Rxd4 26.Rb5 Ra4 27.Be1 Nc6 28.Rxb7 Kf7  1/2-1/2

[Event "Lazne Bohdanec"]
[Site "Lazne Bohdanec"]
[Date "1997.??.??"]
[Round "1"]
[White "Stocek, Jiri"]
[Black "Jansa, Vlastimil"]
[Result "1/2-1/2"]
[WhiteElo "2450"]
[BlackElo "2490"]

1.d4 Nf6 2.c4 g6 3.Nc3 d5 4.cxd5 Nxd5 5.e4 Nxc3 6.bxc3 Bg7 7.Bc4 O-O 8.Ne2 b6
9.h4 e5 10.h5 exd4 11.hxg6 hxg6 12.cxd4 Qe7 13.Qd3 Nc6 14.Bh6 Bxh6 15.Rxh6 Kg7
16.Rh2 Bb7 17.O-O-O Rh8 18.Rdh1 Na5 19.d5 Rxh2 20.Rxh2 Qc5 21.Qc3+ f6 22.Bd3 Qxc3+
23.Nxc3 c6 24.Kd2 Rd8 25.Rh4 Rd7 26.Rg4 cxd5 27.exd5 Bxd5 28.Rxg6+ Kf7 29.Nxd5 Rxd5
30.Rh6 Nc4+ 31.Kc3 Ne5 32.Bc2 Rc5+ 33.Kd2 Ke6 34.f4 Nc4+ 35.Ke2 Nd6 36.Bd3 Ra5
37.g4 Rxa2+ 38.Ke3 Ke7 39.Rh7+ Ke8 40.g5 fxg5 41.fxg5 Kf8 42.g6 Ra4 43.Rd7 Ne8
44.Bf5 Ra1 45.Kf4  1/2-1/2

[Event "Leeuwarden op"]
[Site "Leeuwarden"]
[Date "1997.??.??"]
[Round "8"]
[White "Gleizerov, Evgeny"]
[Black "Sokolov, Ivan"]
[Result "1/2-1/2"]
[WhiteElo "2560"]
[BlackElo "2635"]

1.d4 Nf6 2.c4 g6 3.Nc3 d5 4.cxd5 Nxd5 5.e4 Nxc3 6.bxc3 Bg7 7.Bb5+ c6 8.Ba4 a5
9.Ne2 b5 10.Bc2 O-O  1/2-1/2

[Event "VfB op 4th"]
[Site "Leipzig"]
[Date "1997.??.??"]
[Round "6"]
[White "Spiess, Gunter"]
[Black "Mach, Holger"]
[Result "1-0"]
[WhiteElo "2410"]
[BlackElo "2280"]

1.d4 Nf6 2.c4 g6 3.Nc3 d5 4.cxd5 Nxd5 5.e4 Nxc3 6.bxc3 Bg7 7.Nf3 c5 8.Rb1 O-O
9.Be2 Bg4 10.O-O Bxf3 11.Bxf3 cxd4 12.cxd4 Bxd4 13.e5 Nc6 14.Bh6 Re8 15.e6 fxe6
16.Qb3 Qd6 17.Rbd1 Kh8 18.Qxb7 Ne5 19.Be2 Qc5 20.Qe4 Rad8 21.Bf4 Nc6 22.Rc1 Bc3
23.Qe3 Qxe3 24.fxe3 Nd4 25.Be5+ Kg8 26.Bxd4 Bxd4 27.exd4 Rxd4 28.Rc7 a5 29.Bb5 Rf8
30.Rxe7 Rd2 31.a4 Rc8 32.Bd7  1-0

[Event "Ljubljana"]
[Site "Ljubljana"]
[Date "1997.??.??"]
[Round "8"]
[White "Atalik, Suat"]
[Black "Jelen, Igor"]
[Result "1-0"]
[WhiteElo "2555"]
[BlackElo "2405"]

1.d4 Nf6 2.c4 g6 3.Nc3 d5 4.cxd5 Nxd5 5.e4 Nxc3 6.bxc3 Bg7 7.Be3 c5 8.Qd2 Qa5
9.Rb1 b6 10.Bb5+ Bd7 11.Bd3 O-O 12.Ne2 e6 13.h4 cxd4 14.cxd4 Nc6 15.Qxa5 Nxa5
16.Kd2 Bc6 17.Rhc1 Rac8 18.h5 Bb7 19.g4 Rxc1 20.Rxc1 Rc8 21.Rxc8+ Bxc8 22.h6 Bf6
23.Nc3 Be7 24.d5 Kf8 25.g5 Bb7 26.dxe6 fxe6 27.Nb5 Nc6 28.f4 Bc8 29.e5 a6
30.Nc3 b5 31.Ne4 Nb4 32.Bb1 Nd5 33.Kd3 Kf7 34.Bd2 Bd7 35.Kd4 Ba3 36.Nd6+ Kf8
37.Nb7 Bb2+ 38.Kd3 Ba3 39.Ke2 Bc6 40.Na5 Bd7 41.Nb3 Kf7 42.Nd4 Bb2 43.Kd3 Be8
44.Bc2 Bd7 45.Bb3 Ne7 46.Bc3 Bc1 47.Ne2 Ba3 48.Ng3 b4 49.Bd2 Bb5+ 50.Bc4 Bxc4+
51.Kxc4 Nd5 52.Ne4 Bb2 53.Nf6 Nxf6 54.gxf6 a5 55.Be3 Bc3 56.a4  1-0

[Event "London"]
[Site "London"]
[Date "1997.??.??"]
[Round "1"]
[White "Shaked, Tal"]
[Black "Rowson, Jonathan"]
[Result "1-0"]
[WhiteElo "2500"]
[BlackElo "2490"]

1.d4 Nf6 2.c4 g6 3.Nc3 d5 4.cxd5 Nxd5 5.e4 Nxc3 6.bxc3 Bg7 7.Be3 c5 8.Qd2 O-O
9.Nf3 Qa5 10.Rc1 Nd7 11.d5 Nb6 12.c4 Qxd2+ 13.Kxd2 Na4 14.Bd3 f5 15.exf5 Bxf5
16.Bxf5 Rxf5 17.Ng5 b5 18.g4 Re5 19.f4 Rxg5 20.fxg5 b4 21.Kc2 Rc8 22.Kb3 Nc3
23.Rhe1 a5 24.a4 Ne4 25.Bf4 Nf2 26.Rxe7 Nd3 27.Rf1 Rf8 28.d6  1-0

[Event "Rheinhessen-ch M2"]
[Site "Mainz"]
[Date "1997.??.??"]
[Round "4"]
[White "Sabel, Reinhard"]
[Black "Pela, Edward"]
[Result "1-0"]
[WhiteElo "2050"]
[BlackElo "1956"]

1.d4 Nf6 2.c4 g6 3.Nc3 d5 4.cxd5 Nxd5 5.e4 Nxc3 6.bxc3 Bg7 7.Bc4 O-O 8.Ne2 Nc6
9.O-O Na5 10.Bd3 c5 11.Be3 cxd4 12.cxd4 Nc6 13.d5 Bxa1 14.Qxa1 f6 15.Bh6 Rf7
16.dxc6  1-0

[Event "CRO-chT2"]
[Site "Medulin"]
[Date "1997.??.??"]
[Round "?"]
[White "Shariyazdanov, Andrey"]
[Black "Jelen, Igor"]
[Result "1/2-1/2"]
[WhiteElo "2525"]
[BlackElo "2405"]

1.d4 Nf6 2.c4 g6 3.Nc3 d5 4.cxd5 Nxd5 5.e4 Nxc3 6.bxc3 Bg7 7.Bb5+ Bd7 8.Be2 c5
9.Nf3 cxd4 10.cxd4 Bc6 11.Qd3 f5 12.exf5 Qa5+ 13.Bd2 Qxf5 14.Qxf5 gxf5 15.O-O Bd5
16.Ne5 Bxe5 17.dxe5 Rg8 18.f3 Nc6 19.Bc3 Kd7 20.Rfd1 Ke6 21.Rab1 Rgd8 22.Rd2 Rac8
23.f4 Nb8 24.Bb4 Nc6 25.g4 Nxb4 26.Rxb4 Be4 27.Rxd8 Rxd8 28.Bc4+ Bd5 29.Bxd5+ Rxd5
30.gxf5+  1/2-1/2

[Event "CRO-chT2"]
[Site "Medulin"]
[Date "1997.??.??"]
[Round "?"]
[White "Stohl, Igor"]
[Black "Berebora, Ferenc"]
[Result "1-0"]
[WhiteElo "2580"]
[BlackElo "2390"]

1.d4 Nf6 2.c4 g6 3.Nc3 d5 4.cxd5 Nxd5 5.e4 Nxc3 6.bxc3 Bg7 7.Bb5+ c6 8.Ba4 O-O
9.Ne2 Be6 10.O-O b5 11.Bb3 Bxb3 12.axb3 Nd7 13.e5 Qc7 14.Qd3 a6 15.f4 e6
16.c4 Rfd8 17.Ba3 bxc4 18.bxc4 c5 19.d5 f6 20.Nc3 fxe5 21.dxe6 Nf6 22.Nd5 Nxd5
23.cxd5 exf4 24.Rac1 Qe5 25.Rfd1 Qe3+ 26.Qxe3 fxe3 27.Bxc5 e2 28.Rd3 Rac8
29.Kf2 Bh6 30.Rc4 Bf8 31.e7 Bxe7 32.Bxe7 Rf8+ 33.Bxf8 Rxc4 34.Bh6  1-0

[Event "CRO-chT"]
[Site "Medulin"]
[Date "1997.??.??"]
[Round "?"]
[White "Ascic, Anto"]
[Black "Boric, Muhamed"]
[Result "1/2-1/2"]
[WhiteElo "2355"]
[BlackElo "2400"]

1.d4 Nf6 2.c4 g6 3.Nc3 d5 4.cxd5 Nxd5 5.e4 Nxc3 6.bxc3 Bg7 7.Bc4 c5 8.Ne2 Nc6
9.Be3 O-O 10.O-O Qc7 11.Rc1 Rd8 12.Qd2 Na5 13.Bd3 b6 14.f3 Bb7 15.Rfd1 Bc6
16.Rb1 a6 17.Qc1 Bb5 18.Bxb5 axb5 19.dxc5 Nc4 20.cxb6 Qc6 21.Nd4 Qxb6 22.Bf2 Rxa2
23.Nc2 Rxd1+ 24.Qxd1 Qa5 25.Nd4 h5 26.h4 e5 27.Nc6 Qxc3 28.Ne7+ Kh7 29.Qd8 Qd2
30.Qxd2 Rxd2 31.Rxb5 Rd7 32.Nd5 Nd6 33.Rb4 Ne8  1/2-1/2

[Event "Minsk op"]
[Site "Minsk"]
[Date "1997.??.??"]
[Round "8"]
[White "Shipov, Sergei"]
[Black "Yandemirov, Valeri"]
[Result "1/2-1/2"]
[WhiteElo "2540"]
[BlackElo "2500"]

1.d4 Nf6 2.c4 g6 3.Nc3 d5 4.cxd5 Nxd5 5.e4 Nxc3 6.bxc3 Bg7 7.Nf3 c5 8.Rb1 O-O
9.Be2 b6 10.O-O Bb7 11.Qd3 Ba6 12.Qe3 Qc8 13.d5 e6 14.c4 exd5 15.cxd5 Bxe2
16.Qxe2 Qa6 17.Re1 Re8 18.Bf4 Qxe2 19.Rxe2 Nd7 20.Bc7 Rac8 21.d6 Bf6 22.Kf1 Bd8
23.Bxd8 Rcxd8 24.e5 f6 25.e6 Ne5 26.Nxe5 fxe5 27.Rxe5 Rxd6 28.Rbe1 Kf8 29.R1e3 Ke7
30.g4 Rf8 31.Rh3 Rh8 32.Ra3 a5 33.Rae3 Rf8 34.Rh3  1/2-1/2

[Event "Mondariz op"]
[Site "Mondariz"]
[Date "1997.??.??"]
[Round "?"]
[White "Pichel Jallas, Juan Jose"]
[Black "De la Villa Garcia, Jesus Maria"]
[Result "0-1"]
[WhiteElo "2135"]
[BlackElo "2485"]

1.d4 Nf6 2.c4 g6 3.Nc3 d5 4.cxd5 Nxd5 5.e4 Nxc3 6.bxc3 Bg7 7.Bc4 O-O 8.Ne2 Nc6
9.O-O e5 10.Be3 Qe7 11.Qc2 b6 12.f4 exd4 13.cxd4 Nb4 14.Qb1 c5 15.e5 Bf5
16.Qb3 b5 17.Bxb5 Rab8 18.dxc5 Nc2 19.Rac1 Nxe3 20.Qxe3 Rxb5 21.Nd4 Rb2 22.Nxf5 gxf5
23.c6 Rc8 24.Qd3 Qe6 25.Qa6 Rc7 26.Rfd1 Qg6 27.g3 Qh5 28.h4 Qf3  0-1

[Event "Montcada op"]
[Site "Montcada"]
[Date "1997.??.??"]
[Round "9"]
[White "Gonzalez Velez, Fermin"]
[Black "Vidarte Morales, Arturo"]
[Result "1/2-1/2"]
[WhiteElo "2400"]
[BlackElo "2370"]

1.d4 Nf6 2.c4 g6 3.Nc3 d5 4.cxd5 Nxd5 5.e4 Nxc3 6.bxc3 Bg7 7.Qa4+ Qd7 8.Qa3 O-O
9.Nf3 b6 10.Bd3 c5 11.O-O Nc6 12.d5 Na5 13.Bg5 e6 14.Rad1 e5 15.Rfe1 Nb7
16.Nd2 f6 17.Be3 Qc7 18.Qb3 Kh8 19.Rf1 Bd7 20.Kh1 Nd6 21.Qc2 c4 22.Be2 b5
23.f4 exf4 24.Bxf4 Qc5 25.Bg3 Rae8 26.Bf2 Qc7 27.Bd4 f5 28.Bxg7+ Kxg7 29.Bf3 fxe4
30.Nxe4  1/2-1/2

[Event "Goldberg mem"]
[Site "Moscow "]
[Date "1997.??.??"]
[Round "4"]
[White "Yuferov, Sergey  N"]
[Black "Baikov, Vladimir A"]
[Result "1/2-1/2"]
[WhiteElo "2405"]
[BlackElo "2455"]

1.d4 Nf6 2.c4 g6 3.Nc3 d5 4.cxd5 Nxd5 5.e4 Nxc3 6.bxc3 Bg7 7.Bc4 c5 8.Ne2 Nc6
9.Be3 O-O 10.O-O cxd4 11.cxd4 Na5 12.Bd3 Nc6 13.Bc4 Na5 14.Bd3 Nc6 15.Bc4 Na5  1/2-1/2

[Event "Moscow-ch"]
[Site "Moscow"]
[Date "1997.??.??"]
[Round "3"]
[White "Burlov, Vassili"]
[Black "Vorobiov, Evgeny E"]
[Result "1/2-1/2"]
[WhiteElo "2345"]
[BlackElo "2435"]

1.d4 Nf6 2.c4 g6 3.Nc3 d5 4.cxd5 Nxd5 5.e4 Nxc3 6.bxc3 Bg7 7.Bc4 c5 8.Ne2 Nc6
9.Be3 O-O 10.O-O Bd7 11.Rb1 Rc8 12.Bd3 Qc7 13.Qd2 Rfd8 14.h3 e6 15.Bg5 Re8
16.Rfc1 b6 17.e5 Ne7 18.Ba6 Rcd8 19.Ng3 Bc6 20.Qf4 Rf8 21.Qh4 Rd7 22.Bf6 Nf5
23.Nxf5 exf5 24.Bd3 Bxf6 25.exf6 Rd6 26.Re1 Ba8 27.Bxf5 cxd4 28.cxd4 Qc6
29.Be4 Rxd4 30.f3 Qd6  1/2-1/2

[Event "Pripis mem"]
[Site "Moscow"]
[Date "1997.??.??"]
[Round "4"]
[White "Zhurina, Elizaveta"]
[Black "Baikov, Vladimir A"]
[Result "0-1"]
[WhiteElo "2235"]
[BlackElo "2455"]

1.d4 Nf6 2.c4 g6 3.Nc3 d5 4.cxd5 Nxd5 5.e4 Nxc3 6.bxc3 Bg7 7.Bb5+ Bd7 8.Be2 c5
9.Nf3 cxd4 10.cxd4 Bc6 11.Qd3 Na6 12.Bd2 Nc5 13.Qe3 Nxe4 14.Rd1 Nxd2 15.Rxd2 O-O
16.O-O Bd5 17.Ne5 Rc8 18.Qa3 a6 19.Bf3 Bxf3 20.Nxf3 e6 21.d5 exd5 22.Rfd1 Qb6
23.Rxd5 Rc2 24.Rf1 Rfc8 25.Rdd1 Qe6 26.Qb4 Rb2 27.Qh4 Bf6 28.Ng5 Bxg5 29.Qxg5 Rxa2
30.Rd3 Re2  0-1

[Event "Pripis mem"]
[Site "Moscow"]
[Date "1997.??.??"]
[Round "6"]
[White "Annakov, Babakuli"]
[Black "Vorobiov, Evgeny E"]
[Result "1/2-1/2"]
[WhiteElo "2365"]
[BlackElo "2435"]

1.d4 Nf6 2.c4 g6 3.Nc3 d5 4.cxd5 Nxd5 5.e4 Nxc3 6.bxc3 Bg7 7.Bc4 O-O 8.Ne2 c5
9.O-O Nc6 10.Be3 Qc7 11.Rc1 Rd8 12.Bf4 Qd7 13.d5 Na5 14.Bd3 b6 15.c4  1/2-1/2